000 00618nam a2200193Ia 4500
003 GCL
008 140319s9999 xx 000 0 ara d
040 _aGCL /
_cGCL
082 0 4 _a157.9
_bر ع
100 1 _aمحمد عثمان نجاتى
245 1 0 _aعلم النفس الاكلنيكى /
_cمحمد عثمان نجاتى
700 1 _aعطية محمود هنا
700 1 _aروتر، جوليان
260 _a[S.N] :
_bدار الشروق ،
_c1989
300 _a203
490 _aمكتبة اصول علم النفس الحديث
_v0
650 0 4 _aعلم النفس العلاجى
942 _2ddc
_cBK
999 _c54860
_d54860